| 000 | 00509nam a2200169 i 4500 | ||
|---|---|---|---|
| 001 | 91152 | ||
| 003 | ES-MaACL | ||
| 005 | 20230906180644.0 | ||
| 007 | t| | ||
| 008 | 050127s1964 sp ||||1| spa d | ||
| 100 | 1 |
_aLesbouyries, G. _971825 |
|
| 245 | 1 | 0 |
_aEnfermedades del conejo / _cG. Lesbouyries ; traducido... por Jaime Esain Escobar. |
| 260 |
_aZaragoza : _bAcribia, _c[1964] |
||
| 300 |
_a296 p., 3 lám. ; _c22 cm. |
||
| 700 | 0 |
_aEsaín Escobar, Jaime. _947449 |
|
| 852 |
_aES-MaACL _jC-26767 _bR.55967 |
||
| 999 |
_c91152 _d91152 |
||